000 01077cam a22003377a 4500
003 CHAP
005 20220817043515.0
008 990128d1996 cl a rn 00110 spa d
010 _a76942
011 _a77914
035 _a87689
040 _cCHAP
082 0 4 _a633.2
_bF39 1996
110 2 _aFAO
245 1 0 _aPrincipios de manejo de praderas naturales
_c/by FAO
250 _a2 ed.
260 _aSantiago, Chile :
_bOficina Regional de la FAO para América Latina y el Caribe,
_c1996.
300 _a272 p. :
_bilus.
490 0 _aFAO. Zonas áridas y semiáridas
_v; 6
590 _aBATCH-UPD
_b10
_c20130110
_lUCH01
_h0515
590 _aBATCH-UPD
_b10
_c20130410
_lUCH01
_h0153
590 _aBATCH-UPD
_b10
_c20130914
_lUCH01
_h1352
590 _aCONVERSION
_b10
_c20130109
_lUCH01
_h1342
650 1 4 _aPastoreo.
_985984
650 1 4 _aPraderas.
_991230
830 0 _aFAO. Zonas áridas y semiáridas
_v; 6
_939709
901 _aBK
905 _aLilia Sánchez G.
942 _cLIBRO
949 _a633.2 F39 1996
_bBC
_cFAO
_d33724000709069
_eFAO1
_h94463
_i87689
_kDonaciØn
_sb
999 _c76942
_d76942